1424 1908 1724 1008 1474 1821 1952 1633 1268 1201 1790 1772 1412 1894 1188 1890 1677 1230 1879 1497 1321 1369 1821 1331 1173 1937 1178 1912 1142 1543 1761 1944 1229 1839 1413 1461 1654 1007 1833 1564 1871 1970 1208 1639 1687 1681 1614 1885 1799 1953 1059 1947 1244 1189 1292 1082 1254 1212 1933 1814 1032 1066 1119 1490 1675 1130 1856 1448 1030 1175 1391 1487 1310 1108 1550 1863 1417 1229 1881 1454 1161 1290 1661 1116 1377 1015 1551 1414 1201 1104 1445 1334 1897 1397 1282 1333 1436 1461 1363 BCNSPRNW ULIB Ver.6.0+V

เปลี่ยนเป็นภาษาไทย

Change to English
 แสดงรายละเอียดบรรณานุกรม
  กลับหน้าหลัก

Brief Record : Get Marc (ISO 2709) : E-mail record : QR code < ปิดหน้าต่าง
LEADER : 00000nam 2200000uu 4500
001    13399126591
003     ULIB
008    190118s2561||||th 000 0 tha d
020 ^  ^a9786163660572
050  0 ^aนว^bด179พ
100 0  ^aดวงตะวัน.
245 1  ^aเพลิงแค้นปีศาจ ชุดซีรีส์ราชสีห์ /^cดวงตะวัน.
250 ^  ^aพิมพ์ครั้งที่ 1.
260 ^  ^aกรุงเทพฯ :^bดวงตะวัน,^c2561.
300 ^  ^a354 หน้า ;^c19 ซม.
490 0  ^aราชสีห์ ;^v10
945    ^p300^l0^i004786
999    ^aประนอม เกษจรัล
รายการนี้ยังไม่มีแท็ก
คุณยังไม่ได้ล็อกอิน คุณสามารถมีกิจกรรมร่วมกับเว็บไซต์ได้ แต่ต้องล็อกอินก่อน ::
  ล็อกอิน

รายการสื่อสารสนเทศ

ลำดับที่ ประเภท เลขเรียก/บาร์โค้ด สถานที่ สถานะ
1. นวนิยาย
นวนิยาย
นว ด179พ ฉ.1 
  Barcode: 004786
ห้องสมุดวิทยาเขตสวรรค์ประชารักษ์
►นวนิยาย
บนชั้น
  ขอยืม

รายการใกล้เคียง
    ผู้แต่ง [ดวงตะวัน.]

BibComment


ยังไม่เคยถูกคอมเมนท์

คอมเมนท์ทรัพยากรรายการนี้
  คอมเมนท์: เพลิงแค้นปีศาจ ช..


 Copyright 2026. Bcnsprnw @Library